000 00705nam0a22002291 4500
001 rc\203110
005 20030307114038.2
035 _a(NLR Aleph) 005455491
090 _a4902520
_c4902520
100 _a20030307d1993 u |0rusy50 ca
101 0 _arus
102 _aRU
105 _ay |||||||||
200 1 _aНа рубежах южных
_aРусь залесская
_eИст. повести
_fБорис Тумасов
210 _aКраснодар
_cРассвет
_d1993
215 _a383, [1] с.
_d21
700 1 _aТумасов
_bБ. Е.
_f1926-
_gБорис Евгеньевич
801 0 _aRU
_bNLR
_gpsbo
801 1 _aRU
_bELAR
_2rusmarc
852 _aNLR
_j93-3/2076
942 _cBOOK
980 _aNB